| 000 | 01000naa a2200217 i 4500 | ||
|---|---|---|---|
| 001 | BPP | ||
| 003 | BPK | ||
| 005 | 20160108133410.0 | ||
| 008 | 150114s1984 pl f |100 0 pol | ||
| 040 | _cBPK | ||
| 080 | _a628.1/.3 | ||
| 100 |
_aEWERTOWSKA-MADEJ, Zofia. _d1978 - 1996. _bWyższa Szkoła Inżynierska w Koszalinie - Wydział Inżynierii Lądowej i Sanitarnej, _cZakład Biologii i Chemii Sanitarnej |
||
| 245 |
_aOcena zdolności oczyszczających kilku rodzajów ośrodka porowatego / _cZofia Ewertowska-Madej. |
||
| 260 | _c1984. | ||
| 500 | _aDane z kartoteki bpp. | ||
| 650 | 0 | _aOczyszczalnia ścieków. | |
| 655 | 0 | _aMateriały konferencyjne. | |
| 711 |
_aWpółczesne problemy inżynierii środowiska : Sympozjum Naukowo-Techniczne _d(1984 ; _cKoszalin, Polska). |
||
| 773 |
_iW : _tWspółczesne problemy inżynierii środowiska : Sympozjum Naukowo-Techniczne : materiały konferencyjne. - _dKoszalin : Dział Poligrafii WSInż., 1984. - _gs. 21-38 |
||
| 942 |
_cART _2UKD |
||
| 999 |
_c6571 _d6571 |
||